| 000 | 00946nam0a22002291i 4500 | ||
|---|---|---|---|
| 001 | rc\3376543 | ||
| 005 | 20240726011505.0 | ||
| 021 |
_aRU _b[69-108168] |
||
| 035 | _a(NLR Aleph) 007450183 | ||
| 090 |
_a7207351 _c7207351 |
||
| 100 | _a20130115d1969 |||y0rusy50 ca | ||
| 101 | 0 | _arus | |
| 102 | _aRU | ||
| 105 | _ay d ||||| | ||
| 200 | 1 |
_aРеволюционное движение и карательная политика царизма в Туркестане _e(К истории царской тюрьмы в Туркестане) _eАвтореф. дис. на соискание учен. степени канд. ист. наук _e(07.571) _fТашк. гос. ун-т им. В.И. Ленина |
|
| 210 |
_aТашкент _d1969 |
||
| 215 | _a39 с. | ||
| 700 | 1 |
_aАбдурахимова _bН.А. _gНадира Абдулловна |
|
| 801 | 0 |
_aRU _bNLR _gpsbo |
|
| 801 | 1 |
_aRU _bELAR _2rusmarc |
|
| 852 |
_aNLR _j69-4/34240 |
||
| 942 | _cBOOK | ||